| 000 | 00923cab a2200289 4500 | ||
|---|---|---|---|
| 001 | WB3126-30 | ||
| 008 | 090401t1995 xxu||||| |||| 00| 0 eng d | ||
| 035 | _a(Sirsi) u22385 | ||
| 041 | _aeng | ||
| 245 | _aRules of conduct | ||
| 260 | _c1995 | ||
| 350 | _a0 | ||
| 490 |
_aEstates Gazette _v(9526) 1 July 1995, 43(1) |
||
| 520 | _aAmendments to the "RICS rules of conduct" will go before General Council 10 July 1995. The new measures should protect the Institution`s self-regulatory status. | ||
| 650 | _aADVERTISING | ||
| 650 | _aABOUT RICS-RICS MEMBERS | ||
| 650 | _aCOMPLAINTS HANDLING PROCEDURES | ||
| 650 | _aCOMPLAINTS | ||
| 650 | _aCUSTOMER CARE | ||
| 650 | _aDISCIPLINARY PROCEDURES | ||
| 650 | _aINADEQUATE PROFESSIONAL SERVICES | ||
| 650 | _aRICS | ||
| 650 | _aRICS RULES OF CONDUCT | ||
| 690 | _aMANAGEMENT-BUSINESS MANAGEMENT-PROFESSIONAL PRACTICE | ||
| 942 | _n0 | ||
| 948 | _c04/03/1997 | ||
| 999 |
_c14996 _d14996 |
||